000 00242nam a2200097Ia 4500
008 240331s9999 xx 000 0 und d
082 _bWOM
100 _aLogo. ed
245 0 _aWomen against-Militarisation-Racism :
_blOGOS vOL.27 nO.1
942 _cL
999 _c1740
_d1740